00000000nam##2200000za#4500
0019.594430
003CaOODSP
00520220901164709
007cr |||||||||||
008150406|2002||||xxc|||||o    f|0| 0 fre|d
040 |aCaOODSP|bfre
043 |an-cn---
0861 |aJ3-2/2002-4-1F-PDF
1101 |aCanada.|bJustice Canada.
24513|aLe long parcours / |h[ressource électronique]|c[Par] Susan McIntyre.
260 |bJustice Canada |c2002.
300 |a86p.
4901 |aMinistère de la justice - rapport de recherche|vRR2002-4f
500 |a«J'ai mené, en 1991-1992, des entrevues avec 50 jeunes personnes actives dans le commerce de l'exploitation sexuelle au centre-ville de Calgary. J'ai consacré une année à comprendre la vie de ces jeunes.»--Préface.
590 |a07-04-Supp|b2007-06-29
69107|aProstitution|2gcpds
69107|aJeune adulte|2gcpds
7201 |aMcIntyre, Susan
77508|tStrolling away / |w(CaOODSP)9.561884
830#0|aRapport de recherche (Canada. Ministère de la justice. Division de la recherche et de la statistique)|vRR2002-4f|w(CaOODSP)9.501474
85640|ahttp://publications.gc.ca|qPDF|s6441 Ko|uhttps://publications.gc.ca/collections/Collection/J3-2-2002-4-1F.pdf|yRR2002-4f